Statistics for County Seats Of Nevada

Click here to take the quiz!

General Stats

  • This quiz has been taken 27 times
  • The average score is 11 of 17

Answer Stats

CountySeat% Correct
(Independent city)Carson City
100%
ClarkLas Vegas
100%
WashoeReno
100%
____Elko
88%
White PineEly
88%
HumboldtWinnemucca
82%
ChurchillFallon
71%
NyeTonopah
71%
StoreyVirginia City
59%
LanderBattle Mountain
47%
______Eureka
47%
DouglasMinden
41%
LincolnPioche
41%
LyonYerington
41%
EsmeraldaGoldfield
35%
MineralHawthorne
35%
PershingLovelock
29%

Score Distribution

Percentile by Number Answered

Percent of People with Each Score

Your Score History

You have not taken this quiz